| 000 | 00693nam a2200205 i 4500 | ||
|---|---|---|---|
| 001 | bg | ||
| 100 | 1 | _aKUBACKI, Ryszard | |
| 245 | 1 | 0 |
_aLeksykon podatku dochodowego od osób fizycznych 2004 / _cRyszard Kubacki. |
| 260 |
_aWrocław : _b"Unimex", _ccop. 2004. |
||
| 300 |
_a1160 s. ; _c24 cm. |
||
| 650 | 9 |
_aPodatek dochodowy od osób fizycznych _xprawo _zPolska _ystan na 2004 r. |
|
| 020 | _a8388785397 | ||
| 040 | _cBPK | ||
| 041 | 0 | _apol | |
| 080 | _a336.226.1(438) | ||
| 920 | _a83-88785-39-7 | ||
| 942 | _cKS | ||
| 008 | s pl f |000 0 pol | ||
| 999 |
_c43675 _d43675 |
||
| 856 |
_uhttp://koha.tu.koszalin.pl/cgi-bin/koha/opac-detail.pl?biblionumber=43675 _yKatalog online BPK |
||